Nový úsvit príloha pre mládež

Bibliographic Details
Format: Journal
Language:Slovak
Czech
PhysicalDescription:3 zv. 25 x 17 cm
Published: Liptovský Mikuláš [Jednota baptistov na Slovensku] 1939, 1947-12/1948
Subjects:

MARC

LEADER 00000cas a22000001a 4500
001 vtls010301838
003 SK-MaSNL
005 20260228161638.0
008 110810d19391948xo mr p 0 b0slo
040 |a SNK  |b slo  |c SNK  |e AACR2 
041 0 |a slo  |a cze 
044 |a xo  |c SK 
072 7 |a 2  |x Náboženstvo  |2 konspekt 
080 |a 21/29-1/-9  |2 2001 
245 0 0 |a Nový úsvit  |b príloha pre mládež 
260 |a Liptovský Mikuláš  |b [Jednota baptistov na Slovensku]  |c 1939, 1947-12/1948 
300 |a 3 zv.  |c 25 x 17 cm 
310 |a 1x mesačne 
362 0 |a Roč. III, č. 1 (1939)-č. 12 (1948) 
500 |a V tiráži: Príloha časopisu Rozsievač 
500 |a Tlač. Kníhtlačiareň Bratov Rázusovcov v Lipt. Mikuláši 
515 |a Niektoré čísla vychádzajú ako dvojčíslo 
546 |a Text aj v češ. 
650 0 7 |a náboženstvo  |2 SNKPH  |9 2023 
650 0 7 |a cirkev  |2 SNKPH  |9 1922 
655 7 |a časopisy pre mládež  |2 SNKPH  |9 70792 
772 0 |t Rozsievač  |x 0231-6919  |w vtls01466787 
910 |a snk 
916 |a 1939,1947 
999 |c 5853  |d 7783 
952 |0 0  |1 0  |4 0  |7 0  |8 1  |a SNK  |b SNK  |d 2014-08-08  |f 1  |i snkČSD 188/57  |l 0  |o snkČSC 556/3/1939  |p 17A0766731  |r 2026-02-21 21:33:27  |t č. 1-12, neúpl.  |w 2026-02-21  |y PREZ  |z chýba č. 1-4 
952 |0 0  |1 0  |4 0  |7 0  |8 5  |a SNK  |b SNK  |d 2014-08-08  |f 1  |i snkF 3143/68  |l 0  |o snkČSC 556/1947  |p 17A0766730  |r 2026-02-21 21:33:28  |t č. 1-12  |w 2026-02-21  |y PREZ 
952 |0 0  |1 0  |4 0  |7 0  |8 5  |a SNK  |b SNK  |d 2014-08-08  |i snkXI. 1830/55  |l 0  |o snkČSC 556/1948 D1  |p 17A0766729  |r 2026-02-21 21:33:28  |t č. 1-12  |w 2026-02-21  |y PREZ